[Event "4NCL 3 North pool B"]
[Site "Wakefield, ENG ENG"]
[Date "2016.02.13"]
[Round "5.95"]
[White "Jaunooby, Ali R"]
[Black "Sreeves, Clement"]
[Result "1-0"]
[WhiteElo "2170"]
[BlackElo "2354"]
[PlyCount "63"]
[EventDate "2016.02.13"]
[WhiteTeam "Manchester Manticores 1"]
[BlackTeam "Alba"]

1. d4 Nf6 2. c4 g6 3. Nc3 d5 4. cxd5 Nxd5 5. Bd2 Nb6 6. Bf4 Bg7 7. e3 O-O 8. h4
c5 9. h5 cxd4 10. hxg6 dxc3 11. gxf7+ Kxf7 12. Qh5+ Ke6 13. Qg4+ Kf7 14. Qh5+
Ke6 15. Rd1 cxb2 16. Qxh7 N8d7 17. Qxg7 Nf6 18. Qg6 Qe8 19. Qc2 Qa4 20. Qxb2
Kf7 21. Nf3 Bf5 22. Bd3 Bxd3 23. Rxd3 Rg8 24. Ra3 Qe4 25. Qb3+ Nbd5 26. Ra4 Qf5
27. Be5 b5 28. Rd4 e6 29. Qxb5 Rxg2 30. Qb7+ Ne7 31. Rf4 Qc2 32. Rxf6+ 1-0

[Event "4NCL 3 North pool B"]
[Site "Wakefield, ENG ENG"]
[Date "2016.02.13"]
[Round "5.97"]
[White "Burnett, Andrew"]
[Black "Jarmany, John"]
[Result "1-0"]
[WhiteElo "2165"]
[BlackElo "2185"]
[PlyCount "71"]
[EventDate "2016.02.13"]
[WhiteTeam "Manchester Manticores 1"]
[BlackTeam "Alba"]

1. Nf3 Nf6 2. c4 g6 3. Nc3 Bg7 4. g3 O-O 5. Bg2 c6 6. O-O d5 7. d4 Ne4 8. Qb3
dxc4 9. Qxc4 Nd6 10. Qa4 Nd7 11. Rd1 Nb6 12. Qc2 Be6 13. e4 Rc8 14. h3 h6 15.
b3 f5 16. Ne5 Qe8 17. Qe2 c5 18. exf5 Bxf5 19. d5 Nd7 20. f4 Nf7 21. g4 Bxg4
22. Qxg4 Nfxe5 23. fxe5 Bxe5 24. Bb2 Bd4+ 25. Rxd4 cxd4 26. Qxd4 Nf6 27. Ne4
Rd8 28. Qe5 Kh7 29. d6 Rd7 30. dxe7 Rxe7 31. Qxf6 Qd8 32. Qh4 Qb6+ 33. Kh1 Ref7
34. Ng5+ Kg8 35. Nxf7 Rxf7 36. Bd5 1-0

[Event "4NCL 3 North pool B"]
[Site "Wakefield, ENG ENG"]
[Date "2016.02.13"]
[Round "5.98"]
[White "Slinger, Tony"]
[Black "Oswald, David C"]
[Result "1-0"]
[WhiteElo "1923"]
[BlackElo "2094"]
[PlyCount "111"]
[EventDate "2016.02.13"]
[WhiteTeam "Alba"]
[BlackTeam "Manchester Manticores 1"]

1. Nf3 d6 2. d4 f5 3. Bf4 Nf6 4. e3 e6 5. Nc3 Be7 6. Bd3 O-O 7. h3 Nc6 8. Qd2
Nb4 9. O-O-O c5 10. a3 Nxd3+ 11. Qxd3 Qa5 12. g4 b6 13. gxf5 Ba6 14. Qd2 exf5
15. Rhg1 Rfd8 16. Ng5 Bc4 17. d5 Rd7 18. f3 b5 19. Ne6 Bf8 20. Bh6 Rb8 21. e4
b4 22. Nb1 Ne8 23. exf5 Qb5 24. axb4 Qxb4 25. Qxb4 Rxb4 26. Nc3 Rf7 27. Rg5 Be7
28. Rg4 Bf6 29. Rdg1 Kh8 30. Kd2 Ba6 31. Ne4 Bd4 32. R1g3 Rxb2 33. Kc1 Rb8 34.
c3 Be5 35. f4 Nf6 36. Bxg7+ Rxg7 37. Nxf6 Rxg4 38. Nxg4 Bg7 39. f6 Bf8 40. Ne3
Bd3 41. c4 a5 42. Kd2 Bg6 43. f5 Bf7 44. Ng4 h5 45. Nf2 Bh6+ 46. Kc2 Rg8 47.
Rxg8+ Kxg8 48. Ne4 Bf8 49. Nxf8 Kxf8 50. Nxd6 h4 51. Nxf7 Kxf7 52. Kb3 Kxf6 53.
Ka4 Kxf5 54. Kxa5 Ke5 55. Kb6 Kd6 56. Kb5 1-0

[Event "4NCL 3 North pool B"]
[Site "Wakefield, ENG ENG"]
[Date "2016.02.13"]
[Round "5.99"]
[White "Flores, Marcial"]
[Black "Brechin, Hugh R"]
[Result "0-1"]
[WhiteElo "2087"]
[BlackElo "2081"]
[PlyCount "122"]
[EventDate "2016.02.13"]
[WhiteTeam "Manchester Manticores 1"]
[BlackTeam "Alba"]

1. Nf3 d5 2. g3 Nf6 3. Bg2 Bf5 4. O-O e6 5. d3 Be7 6. Nc3 h6 7. Bf4 O-O 8. Re1
c6 9. a3 a5 10. e4 Bh7 11. Qd2 Na6 12. h4 Re8 13. Nh2 Nh5 14. Ne2 Nxf4 15. Nxf4
dxe4 16. Bxe4 Bxe4 17. Rxe4 Nc5 18. Re2 Qb6 19. Ra2 Nd7 20. Qe1 Bd6 21. Ng2
Bxg3 22. Nf3 Nf6 23. Ne3 Bf4 24. Nc4 Qc7 25. b4 axb4 26. Qxb4 Nd5 27. Qb3 b5
28. Nce5 b4 29. Re1 c5 30. a4 Nc3 31. Raa1 Red8 32. Qc4 Bxe5 33. Rxe5 Rd5 34.
d4 Rxd4 35. Qxc5 Rg4+ 36. Kh2 Qb7 37. Qe3 Nd5 38. Qe2 Nf4 39. Qe4 Qa7 40. Qe3
Qxe3 41. fxe3 Nd5 42. a5 Ra6 43. e4 Nc3 44. Re1 f6 45. Rc5 Nxe4 46. Rc4 f5 47.
Rxb4 Rxa5 48. Rg1 Rxg1 49. Kxg1 Rc5 50. Nd4 Kf7 51. Rb7+ Kf6 52. Rb6 Re5 53.
Rc6 g5 54. hxg5+ hxg5 55. Rc8 Rd5 56. Nf3 g4 57. Ne1 Rc5 58. Rf8+ Ke7 59. Rg8
Rc3 60. Kf1 Nd2+ 61. Ke2 Nf3 0-1

[Event "4NCL 3 North pool B"]
[Site "Wakefield, ENG ENG"]
[Date "2016.02.13"]
[Round "5.100"]
[White "Bamber, Elaine"]
[Black "Barker, Arron"]
[Result "0-1"]
[WhiteElo "2070"]
[BlackElo "1870"]
[PlyCount "88"]
[EventDate "2016.02.13"]
[WhiteTeam "Alba"]
[BlackTeam "Manchester Manticores 1"]

1. e4 b6 2. Nc3 Bb7 3. d4 e6 4. Nf3 Bb4 5. Bd3 Nf6 6. e5 Ne4 7. Bd2 Nxd2 8.
Nxd2 Bxc3 9. bxc3 Qg5 10. Rg1 d6 11. Ne4 Bxe4 12. Bxe4 d5 13. Bd3 Qe7 14. a4 a6
15. Qb1 Nd7 16. g3 c5 17. f4 h6 18. Qd1 cxd4 19. Qe2 Qc5 20. Rf1 Qxc3+ 21. Kf2
Nc5 22. Kg2 Nxd3 23. cxd3 O-O 24. Rfc1 Qa5 25. Qc2 Rac8 26. Qxc8 Qd2+ 27. Kh3
Rxc8 28. Rxc8+ Kh7 29. Rc6 Qxd3 30. Rxb6 g5 31. fxg5 hxg5 32. Re1 g4+ 33. Kg2
Qd2+ 34. Kf1 Qxh2 35. Rb3 Qc2 36. Ra3 d3 37. Raa1 d2 38. Red1 Qd3+ 39. Kg2 Qe4+
40. Kh2 Qxe5 41. Rg1 Qe2+ 42. Kh1 e5 43. a5 e4 44. Rgf1 Kg7 0-1

[Event "4NCL 3 North pool B"]
[Site "Wakefield, ENG ENG"]
[Date "2016.02.13"]
[Round "5.105"]
[White "Latham, David"]
[Black "Hamer, Martyn"]
[Result "1/2-1/2"]
[WhiteElo "2127"]
[BlackElo "2087"]
[PlyCount "62"]
[EventDate "2016.02.13"]
[WhiteTeam "Spirit of Atticus B"]
[BlackTeam "Manchester Manticores 2"]

1. d4 Nf6 2. Nf3 g6 3. g3 Bg7 4. Bg2 O-O 5. c4 d6 6. O-O Nc6 7. Nc3 a6 8. b3
Rb8 9. a4 Bg4 10. h3 Bxf3 11. Bxf3 e5 12. e3 Nd7 13. Ne2 exd4 14. exd4 Qf6 15.
Bxc6 bxc6 16. Bb2 Qf3 17. Nc1 Qxd1 18. Rxd1 c5 19. Ra2 Rfe8 20. d5 Bxb2 21.
Rxb2 Ne5 22. Rc2 Nf3+ 23. Kf1 Nd4 24. Rc3 a5 25. Re1 f5 26. Rxe8+ Rxe8 27. Re3
Kf7 28. Rxe8 Kxe8 29. Ke1 g5 30. Kd2 Kf7 31. Ne2 Nxe2 1/2-1/2

[Event "4NCL 3 North pool B"]
[Site "Wakefield, ENG ENG"]
[Date "2016.02.13"]
[Round "5.106"]
[White "Jayawarna, Nugith"]
[Black "Ellames, Roy"]
[Result "1/2-1/2"]
[WhiteElo "2050"]
[BlackElo "2125"]
[PlyCount "60"]
[EventDate "2016.02.13"]
[WhiteTeam "Manchester Manticores 2"]
[BlackTeam "Spirit of Atticus B"]

1. c4 c6 2. d4 d5 3. Nf3 Nf6 4. Nc3 e6 5. cxd5 exd5 6. Qc2 g6 7. Bg5 Bg7 8. e3
Bf5 9. Qb3 Qb6 10. Be2 Nbd7 11. O-O Qxb3 12. axb3 O-O 13. b4 a6 14. Na4 Ne4 15.
Bf4 Bg4 16. Rfd1 g5 17. Bg3 Rfe8 18. Kf1 Bf8 19. Nc5 Ndxc5 20. bxc5 Nxg3+ 21.
hxg3 Bxf3 22. Bxf3 f5 23. Rd3 Bg7 24. Ra4 Re7 25. Rb4 Kf7 26. Rdb3 Ra7 27. Ke1
Bf6 28. Kd2 g4 29. Be2 Rd7 30. Bd3 Ke6 1/2-1/2

[Event "4NCL 3 North pool B"]
[Site "Wakefield, ENG ENG"]
[Date "2016.02.13"]
[Round "5.107"]
[White "Ackley, Peter J E"]
[Black "Newton, Robert A"]
[Result "1/2-1/2"]
[WhiteElo "2087"]
[BlackElo "2035"]
[PlyCount "39"]
[EventDate "2016.02.13"]
[WhiteTeam "Spirit of Atticus B"]
[BlackTeam "Manchester Manticores 2"]

1. c4 c5 2. g4 h5 3. gxh5 Nf6 4. Nc3 Nc6 5. Bg2 e6 6. d3 Rxh5 7. Nf3 d5 8. Bg5
d4 9. Ne4 Be7 10. Ng3 Rh8 11. h4 e5 12. Nd2 Ng4 13. Bxc6+ bxc6 14. Qa4 Bd7 15.
Nde4 Qb6 16. Bxe7 Kxe7 17. Qa3 Qb4+ 18. Qxb4 cxb4 19. f3 Ne3 20. Kf2 1/2-1/2

[Event "4NCL 3 North pool B"]
[Site "Wakefield, ENG ENG"]
[Date "2016.02.13"]
[Round "5.108"]
[White "Reed, John"]
[Black "Johnson, Michael D"]
[Result "0-1"]
[WhiteElo "2035"]
[BlackElo "2027"]
[PlyCount "52"]
[EventDate "2016.02.13"]
[WhiteTeam "Manchester Manticores 2"]
[BlackTeam "Spirit of Atticus B"]

1. d4 Nf6 2. c4 e6 3. Nf3 Be7 4. Nc3 d5 5. e3 O-O 6. Bd3 Nbd7 7. b3 c6 8. O-O
h6 9. Bb2 Bd6 10. e4 dxe4 11. Nxe4 Nxe4 12. Bxe4 Re8 13. Bc2 Nf8 14. Qd3 b6 15.
Rad1 Bb7 16. Qe4 f5 17. Qe3 Qe7 18. Rfe1 Rad8 19. Ne5 Qc7 20. Qh3 Bxe5 21. Rxe5
Ng6 22. Ree1 Qf4 23. g3 Qg5 24. f4 Nxf4 25. Qf1 Nh5 26. Rd2 Qxd2 0-1

[Event "4NCL 3 North pool B"]
[Site "Wakefield, ENG ENG"]
[Date "2016.02.13"]
[Round "5.109"]
[White "Bimpson, Tom"]
[Black "Jaques, Andrew"]
[Result "1-0"]
[WhiteElo "2037"]
[BlackElo "1975"]
[PlyCount "98"]
[EventDate "2016.02.13"]
[WhiteTeam "Spirit of Atticus B"]
[BlackTeam "Manchester Manticores 2"]

1. d4 Nf6 2. Bg5 c6 3. Bxf6 gxf6 4. e3 d5 5. Bd3 e5 6. c4 dxc4 7. Bxc4 Qe7 8.
Nc3 Be6 9. Bxe6 Qxe6 10. Nge2 Na6 11. d5 cxd5 12. Qxd5 Qxd5 13. Nxd5 Bb4+ 14.
Nxb4 Nxb4 15. O-O Ke7 16. Nc3 Rhd8 17. e4 Rd2 18. a3 Na6 19. Nd5+ Ke6 20. b4 f5
21. f3 Rc8 22. Rac1 Rxc1 23. Rxc1 fxe4 24. fxe4 f5 25. Nc3 Nc7 26. exf5+ Kxf5
27. Rf1+ Ke6 28. Ne4 Ra2 29. Rf6+ Ke7 30. Rh6 Rxa3 31. Rxh7+ Kd8 32. Nd6 Nd5
33. Nf7+ Ke7 34. Nxe5+ Ke6 35. Nf3 Nxb4 36. Rxb7 Nd3 37. h4 a5 38. h5 Ra1+ 39.
Kh2 Nf2 40. Kg3 Ne4+ 41. Kf4 Nd6 42. Ra7 a4 43. h6 Nf7 44. h7 Rh1 45. Ng5+ Nxg5
46. Kxg5 a3 47. g4 a2 48. Kg6 Rh4 49. g5 Rh3 1-0

[Event "4NCL 3 North pool B"]
[Site "Wakefield, ENG ENG"]
[Date "2016.02.13"]
[Round "5.110"]
[White "Lyth, John D"]
[Black "Powell, Lloyd"]
[Result "0-1"]
[WhiteElo "1982"]
[BlackElo "2074"]
[PlyCount "74"]
[EventDate "2016.02.13"]
[WhiteTeam "Manchester Manticores 2"]
[BlackTeam "Spirit of Atticus B"]

1. d4 Nf6 2. Nf3 e6 3. e3 c5 4. Bd3 d5 5. b3 Be7 6. O-O O-O 7. Bb2 Nbd7 8. Nbd2
b6 9. Qe2 Bb7 10. Rfd1 Qc7 11. Rac1 Rac8 12. c4 Qb8 13. Bb1 Rfd8 14. Ne5 Nf8
15. Nf1 Ng6 16. Nxg6 hxg6 17. Ng3 Rd7 18. h4 Bd6 19. cxd5 Bxg3 20. fxg3 Qxg3
21. dxc5 Rxc5 22. Bxf6 Rxc1 23. Rxc1 gxf6 24. e4 exd5 25. exd5 Qe5 26. Qxe5
fxe5 27. Kf2 Bxd5 28. g3 Be6 29. Ke3 f5 30. Bd3 Kg7 31. Bb5 Re7 32. Be2 Bd5 33.
Bb5 Bb7 34. Bd3 Kf6 35. Rf1 Rc7 36. Kd2 Rd7 37. Ke3 Rxd3+ 0-1

[Event "4NCL 3 North pool B"]
[Site "Wakefield, ENG ENG"]
[Date "2016.02.13"]
[Round "5.115"]
[White "Bak, Andrew"]
[Black "Mazek, Marek"]
[Result "0-1"]
[WhiteElo "2031"]
[BlackElo "2147"]
[PlyCount "80"]
[EventDate "2016.02.13"]
[WhiteTeam "Bradford DCA Knights B"]
[BlackTeam "Manx Ravens"]

1. e4 c5 2. Nf3 e6 3. d4 cxd4 4. Nxd4 a6 5. c4 Qc7 6. Bd3 Nc6 7. Nxc6 dxc6 8.
O-O e5 9. Kh1 Nf6 10. f4 Bc5 11. Qe1 Ng4 12. h3 h5 13. f5 Qd8 14. Qg3 Qd4 15.
Be2 Qxe4 16. Nc3 Qd4 17. Bg5 Nf2+ 18. Rxf2 h4 19. Bxh4 Qxh4 20. Qxe5+ Qe7 21.
Qxg7 Rxh3+ 22. gxh3 Bxf2 23. Qg8+ Qf8 24. Qg2 Bh4 25. Bg4 Bd7 26. Rd1 O-O-O 27.
f6 Be6 28. Rf1 Qh6 29. Bxe6+ fxe6 30. Qg4 Kb8 31. Qxe6 Rd3 32. Qf5 Rd8 33. Ne4
Ka8 34. Qf4 Qh8 35. Nc5 Bxf6 36. Qxf6 Qxh3+ 37. Kg1 Qg3+ 38. Kh1 Qh3+ 39. Kg1
Qg3+ 40. Kh1 Rd2 0-1

[Event "4NCL 3 North pool B"]
[Site "Wakefield, ENG ENG"]
[Date "2016.02.13"]
[Round "5.116"]
[White "Findlay, David John"]
[Black "Hurwitz, Ed J G"]
[Result "1-0"]
[WhiteElo "2174"]
[BlackElo "2032"]
[PlyCount "113"]
[EventDate "2016.02.13"]
[WhiteTeam "Manx Ravens"]
[BlackTeam "Bradford DCA Knights B"]

1. e4 d6 2. Nc3 Nf6 3. Nge2 e5 4. g3 Be7 5. Bg2 O-O 6. O-O c6 7. f4 Na6 8. h3
Re8 9. d3 Nc5 10. Be3 exf4 11. gxf4 d5 12. e5 Bf8 13. Bxc5 Bxc5+ 14. d4 Bb6 15.
exf6 Qxf6 16. Na4 Bc7 17. Nc5 Qg6 18. Rf3 Bf5 19. Nd3 f6 20. Ng3 Be4 21. Re3
Bxd3 22. Qxd3 Bxf4 23. Rxe8+ Rxe8 24. Nf5 Qg5 25. h4 Qg4 26. Qh3 Qe2 27. Rf1
Bc7 28. Qf3 Qd2 29. c3 Re1 30. Rxe1 Qxe1+ 31. Bf1 g6 32. Qe3 Qxe3+ 33. Nxe3 Bg3
34. h5 f5 35. Kg2 Be1 36. c4 f4 37. Nc2 Bd2 38. cxd5 cxd5 39. Kf3 Kf7 40. Bd3
Kf6 41. Kg4 a5 42. Be2 gxh5+ 43. Kxh5 b6 44. Bf3 Ke6 45. Kh6 Bc1 46. b4 Bd2 47.
b5 Bc1 48. Kxh7 Bd2 49. Kg6 Bc3 50. Bg4+ Kd6 51. Kf5 Bd2 52. Bd1 Bc1 53. Ne1
Be3 54. Nf3 Bc1 55. a4 Be3 56. Kf6 Bf2 57. Kf7 1-0

[Event "4NCL 3 North pool B"]
[Site "Wakefield, ENG ENG"]
[Date "2016.02.13"]
[Round "5.117"]
[White "Duke, Michael"]
[Black "Gardiner, Eric D"]
[Result "0-1"]
[WhiteElo "2140"]
[BlackElo "1932"]
[PlyCount "114"]
[EventDate "2016.02.13"]
[WhiteTeam "Bradford DCA Knights B"]
[BlackTeam "Manx Ravens"]

1. d4 d5 2. Nf3 Nf6 3. c4 dxc4 4. g3 Bf5 5. Qa4+ Nc6 6. Qxc4 Qd5 7. Qa4 Bxb1 8.
Rxb1 e5 9. Bg2 Bb4+ 10. Kf1 e4 11. Ne5 b5 12. Qb3 Qxb3 13. axb3 Nxd4 14. Bg5
Nxb3 15. Rd1 O-O 16. Bxf6 gxf6 17. Nc6 a5 18. Nxb4 axb4 19. Bxe4 Ra2 20. Kg2
Rxb2 21. Bd3 c5 22. Bxb5 Rb8 23. Bd3 Nd2 24. Rc1 Rc8 25. Rhd1 c4 26. f4 c3 27.
Kf2 Re8 28. h3 Ne4+ 29. Kf3 Nc5 30. Bc4 Nb3 31. Bxb3 Rxb3 32. Rc2 Rc8 33. Rdc1
Ra3 34. Ke4 Kg7 35. h4 b3 36. Rxc3 Rxc3 37. Rxc3 b2 38. Rxa3 b1=Q+ 39. Rd3 Qb7+
40. Ke3 f5 41. Kd2 Kg6 42. Ke3 Kh5 43. Kf2 Kg4 44. Rd1 Kh3 45. Rd3 Qg2+ 46. Ke1
h5 47. Rf3 Qxg3+ 48. Rxg3+ Kxg3 49. e3 Kxh4 50. Kf2 Kg4 51. Kg2 h4 52. Kf2 h3
53. Kg1 Kf3 54. Kh2 Kxe3 55. Kxh3 Kxf4 56. Kg2 Ke3 57. Kf1 Kf3 0-1

[Event "4NCL 3 North pool B"]
[Site "Wakefield, ENG ENG"]
[Date "2016.02.13"]
[Round "5.119"]
[White "Johnson, Paul A"]
[Black "Whitehead, Mark A"]
[Result "0-1"]
[WhiteElo "1874"]
[BlackElo "1975"]
[PlyCount "78"]
[EventDate "2016.02.13"]
[WhiteTeam "Bradford DCA Knights B"]
[BlackTeam "Manx Ravens"]

1. d4 Nf6 2. Nf3 e6 3. e3 c5 4. Bd3 Nc6 5. O-O Be7 6. c4 d5 7. Nc3 O-O 8. Re1
b6 9. b3 Bb7 10. Bb2 Rc8 11. Rc1 cxd4 12. exd4 Nb4 13. Bf1 dxc4 14. bxc4 Ba6
15. a3 Nc6 16. Ne4 Na5 17. Ne5 Nxe4 18. Rxe4 f6 19. Nf3 Bxc4 20. Bxc4 Nxc4 21.
Qb3 Qd5 22. Rce1 Rc6 23. Bc1 Rfc8 24. R4e2 Bf8 25. Qa2 b5 26. h3 a5 27. Qb3
Nxa3 28. Qxd5 exd5 29. Bb2 Nc4 30. Bc1 b4 31. Rd1 b3 32. Ne1 a4 33. Nd3 Rb8 34.
Bf4 Rb7 35. Re8 a3 36. Ra8 b2 37. Re1 b1=Q 38. Nc1 Kf7 39. Ree8 Bd6 0-1

[Event "4NCL 3 North pool B"]
[Site "Wakefield, ENG ENG"]
[Date "2016.02.13"]
[Round "5.125"]
[White "Armstrong, William G"]
[Black "Procter, Colin S"]
[Result "1-0"]
[WhiteElo "1870"]
[BlackElo "1870"]
[PlyCount "117"]
[EventDate "2016.02.13"]
[WhiteTeam "Cheddleton 3"]
[BlackTeam "Bradford DCA Knights C"]

1. d4 b6 2. Nf3 Bb7 3. g3 e6 4. Bg2 Nf6 5. O-O c5 6. c3 Be7 7. Re1 O-O 8. Nbd2
d6 9. e4 Nbd7 10. b3 Re8 11. Bb2 Nf8 12. c4 Ng6 13. Qc2 Rc8 14. d5 e5 15. Nf1
Rc7 16. Ne3 Bc8 17. h3 Nh5 18. Nf5 Bf6 19. Nh2 Ne7 20. Bf3 Nxf5 21. exf5 g6 22.
Bxh5 Bxf5 23. Qe2 gxh5 24. Qxh5 Bg6 25. Qf3 Bg7 26. Qc3 f5 27. Qd2 Rf8 28. Nf3
h6 29. Nh4 Bh7 30. Ng2 Rcf7 31. f4 e4 32. Bxg7 Rxg7 33. Re3 Qf6 34. Rc1 Bg6 35.
Ne1 Bh5 36. Qf2 Kh8 37. Kh2 Rfg8 38. Qd2 Qd4 39. Qc3 Be8 40. Nc2 Qxc3 41. Rxc3
h5 42. Rg1 h4 43. Re3 Bh5 44. Ne1 Bd1 45. Rc3 Kh7 46. Re3 Kh6 47. g4 fxg4 48.
Rxe4 g3+ 49. Kg2 Bh5 50. Re6+ Kh7 51. f5 Rf7 52. f6 Rgf8 53. Rf1 Bg6 54. Rf4
Bb1 55. Rxh4+ Kg6 56. Rg4+ Kf5 57. Nf3 Rh8 58. Kxg3 Rh6 59. Rg5# 1-0

[Event "4NCL 3 North pool B"]
[Site "Wakefield, ENG ENG"]
[Date "2016.02.13"]
[Round "5.126"]
[White "McCarthy, Damian"]
[Black "Harris, Martyn J"]
[Result "1-0"]
[WhiteElo "1870"]
[BlackElo "1855"]
[PlyCount "147"]
[EventDate "2016.02.13"]
[WhiteTeam "Bradford DCA Knights C"]
[BlackTeam "Cheddleton 3"]

1. e4 d5 2. exd5 Nf6 3. Bb5+ Bd7 4. Be2 Nxd5 5. d4 Bf5 6. Nf3 e6 7. O-O Be7 8.
a3 O-O 9. c4 Nf6 10. Nc3 c6 11. Bf4 Nbd7 12. Nh4 Nh5 13. Bxh5 Bxh4 14. Bf3 Re8
15. Qb3 Qb6 16. Qxb6 Nxb6 17. Be2 Bf6 18. Rfd1 Rac8 19. Rac1 h6 20. Bf1 g5 21.
Be3 Bd8 22. f3 a6 23. Ne4 Bxe4 24. fxe4 f5 25. c5 Na8 26. exf5 exf5 27. Bc4+
Kg7 28. Bf2 Nc7 29. d5 cxd5 30. Bxd5 Nxd5 31. Rxd5 Bf6 32. Rd7+ Re7 33. Rcd1
Rc7 34. Rxc7 Rxc7 35. b4 Bb2 36. Bd4+ Bxd4+ 37. Rxd4 Kf6 38. Rd6+ Ke5 39. Rxh6
a5 40. Rd6 axb4 41. axb4 Rc6 42. Rd1 b6 43. cxb6 Rxb6 44. Rb1 Kd4 45. Kf2 Rb5
46. Kf3 Kd3 47. g3 Kc2 48. Ra1 Rxb4 49. Ra5 Rb3+ 50. Kf2 f4 51. Rxg5 fxg3+ 52.
hxg3 Kd3 53. Re5 Kd4 54. Re8 Kd5 55. Kg2 Kd6 56. Kh3 Kd7 57. Re4 Rb6 58. Kg4
Rg6+ 59. Kf4 Kd6 60. g4 Rg7 61. Kf5 Kd5 62. Re1 Rf7+ 63. Kg6 Rf2 64. g5 Kd6 65.
Kg7 Rg2 66. g6 Kd7 67. Kf7 Rf2+ 68. Kg8 Rg2 69. g7 Kd8 70. Re4 Kd7 71. Kh7 Rh2+
72. Kg6 Rg2+ 73. Kh6 Kd8 74. Re5 1-0

[Event "4NCL 3 North pool B"]
[Site "Wakefield, ENG ENG"]
[Date "2016.02.13"]
[Round "5.127"]
[White "Edwards, Roger J"]
[Black "Patrick, David A"]
[Result "0-1"]
[WhiteElo "1757"]
[BlackElo "1850"]
[PlyCount "110"]
[EventDate "2016.02.13"]
[WhiteTeam "Cheddleton 3"]
[BlackTeam "Bradford DCA Knights C"]

1. e4 e6 2. d4 d5 3. exd5 exd5 4. c4 Nf6 5. Nf3 Be7 6. c5 O-O 7. Be2 b6 8. b4
a5 9. bxa5 bxc5 10. dxc5 Bxc5 11. Bd2 Re8 12. O-O Rxe2 13. Qxe2 Ba6 14. Qe1
Bxf1 15. Kxf1 Ne4 16. Be3 Bxe3 17. Qxe3 Qf6 18. Qd4 Qxd4 19. Nxd4 Rxa5 20. Nb3
Ra6 21. f3 Nf6 22. N1d2 Nbd7 23. Rc1 Ne8 24. Rc2 Kf8 25. Ke2 Ke7 26. Kd3 Kd6
27. Nd4 c5 28. Nb5+ Ke7 29. Nc3 Nc7 30. f4 Re6 31. Nf3 f6 32. Rb2 d4 33. Ne4 f5
34. Ng3 Re3+ 35. Kd2 g6 36. Rc2 Nd5 37. Nh4 Ra3 38. Nhxf5+ gxf5 39. Nxf5+ Kf6
40. Nd6 Nxf4 41. g3 Ne6 42. Nc4 Ra8 43. Ke1 Rb8 44. Rf2+ Ke7 45. Rd2 Nf6 46.
Ne5 Rb1+ 47. Ke2 Ne4 48. Rc2 Kd6 49. Nc4+ Kd5 50. Kf3 N6g5+ 51. Kg4 Nf7 52. Nb2
Rf1 53. Nd3 Ne5+ 54. Nxe5 Kxe5 55. a4 d3 0-1

[Event "4NCL 3 North pool B"]
[Site "Wakefield, ENG ENG"]
[Date "2016.02.13"]
[Round "5.128"]
[White "Bramson, Mike"]
[Black "Emmerton, Stephen J"]
[Result "1-0"]
[WhiteElo "1845"]
[BlackElo "1835"]
[PlyCount "59"]
[EventDate "2016.02.13"]
[WhiteTeam "Bradford DCA Knights C"]
[BlackTeam "Cheddleton 3"]

1. e4 d5 2. exd5 Nf6 3. Nf3 Nxd5 4. d4 Bg4 5. Be2 e6 6. O-O Bd6 7. Ne5 Bxe2 8.
Qxe2 c6 9. c4 Nf6 10. Nc3 Nbd7 11. Bg5 h6 12. Bh4 Be7 13. Rad1 O-O 14. Rfe1 g5
15. Bg3 Bb4 16. h4 Bxc3 17. bxc3 Kg7 18. Rd3 Rg8 19. f4 Kf8 20. Nxf7 Kxf7 21.
Qxe6+ Kg6 22. fxg5 hxg5 23. hxg5 Re8 24. Qd6 Rxe1+ 25. Bxe1 Kxg5 26. Bd2+ Kg6
27. Rg3+ Kf7 28. Bh6 Ne8 29. Qg6+ Ke7 30. Re3+ 1-0

[Event "4NCL 3 North pool B"]
[Site "Wakefield, ENG ENG"]
[Date "2016.02.13"]
[Round "5.129"]
[White "Grzybowski, Karol"]
[Black "Winter, Kevin"]
[Result "0-1"]
[WhiteElo "1742"]
[BlackElo "1816"]
[PlyCount "68"]
[EventDate "2016.02.13"]
[WhiteTeam "Cheddleton 3"]
[BlackTeam "Bradford DCA Knights C"]

1. c4 Nf6 2. Nc3 c5 3. e3 Nc6 4. a3 g6 5. Nf3 Bg7 6. Be2 O-O 7. Qc2 d5 8. cxd5
Nxd5 9. b3 Bf5 10. Qb2 Qa5 11. b4 cxb4 12. axb4 Qxb4 13. Ra3 Nxc3 14. dxc3 Qxb2
15. Bxb2 a6 16. O-O Rfd8 17. Nd4 Nxd4 18. exd4 e5 19. Bf3 e4 20. Be2 Be6 21.
Rd1 Rac8 22. Ra4 Bb3 23. Rda1 Bxa4 24. Rxa4 Rd6 25. Rb4 b5 26. g3 Rb6 27. c4 a5
28. Rb3 a4 29. Rb4 Rbb8 30. c5 Bf8 31. f4 Rxc5 32. dxc5 Bxc5+ 33. Rd4 a3 34.
Ba1 Rd8 0-1

[Event "4NCL 3 North pool B"]
[Site "Wakefield, ENG ENG"]
[Date "2016.02.13"]
[Round "5.130"]
[White "Dean, Robert A"]
[Black "Smith, Michael"]
[Result "1-0"]
[WhiteElo "1774"]
[BlackElo "1540"]
[PlyCount "45"]
[EventDate "2016.02.13"]
[WhiteTeam "Bradford DCA Knights C"]
[BlackTeam "Cheddleton 3"]

1. e4 e5 2. Nf3 Nc6 3. Bb5 a6 4. Ba4 d6 5. d4 b5 6. Bb3 Bg4 7. Bd5 Nge7 8.
Bxf7+ Kd7 9. c3 Kc8 10. d5 Na5 11. Nbd2 c6 12. b4 Nc4 13. Nxc4 bxc4 14. dxc6
Nxc6 15. Bxc4 Qf6 16. Bd5 Kc7 17. Bxc6 Bxf3 18. gxf3 Rd8 19. Bd5 Be7 20. Be3
Rhf8 21. Qa4 Rc8 22. Qc6+ Kd8 23. Bb6+ 1-0